Forever Song Lyrics PT2 - Kanye - Drake - Lil Wayne - Eminem - Statistics

General Stats
  • This quiz has been taken 72 times
  • The average score is 272 of 500
Answer Stats
Answer % Correct
a
93%
i
93%
I
93%
for
91%
it
91%
It
91%
me
87%
no
87%
to
87%
To
87%
but
85%
forever
84%
not
84%
the
84%
The
84%
this
84%
may
82%
mean
82%
nothin'
82%
nothin
82%
when
82%
ever
80%
want
80%
was
80%
on
78%
shit
78%
so
78%
done
76%
las
75%
understand
75%
y'all
75%
yall
75%
at
71%
in
71%
and
69%
And
69%
don't
69%
dont
69%
go
69%
all
67%
he
67%
i'm
67%
I'm
67%
im
67%
last
67%
stop
67%
ain't
64%
plan
64%
they
64%
like
62%
one
62%
stoppin'
60%
stoppin
60%
that
58%
then
58%
his
56%
you
56%
You
56%
flow
55%
fuck
55%
is
55%
Nuts
55%
who
55%
even
53%
if
53%
my
53%
she
53%
There
53%
as
51%
call
51%
down
51%
girl
51%
just
51%
mall
51%
name
51%
Shady
51%
spit
51%
stadiums
51%
tellin'
51%
tellin
51%
what
51%
be
49%
had
49%
space
49%
them
49%
up
49%
back
47%
ballistic
47%
can
47%
garden
47%
hear
47%
hello
47%
jam
47%
mane
47%
Martian
47%
over
47%
plannin'
47%
plannin
47%
never
45%
spits
45%
we
45%
broke
44%
it's
44%
or
44%
should
44%
smell
44%
wake
44%
guess
42%
MacaDamian
42%
shuttin'
42%
shuttin
42%
talk
42%
cops
40%
from
40%
New
40%
runnin'
40%
step
40%
such
40%
than
40%
time
40%
will
40%
fresher
38%
fuckin'
38%
life
38%
overdosed
38%
packin'
38%
roller
38%
target
38%
woah
38%
about
36%
nose
36%
of
36%
Orleans
36%
park
36%
pay
36%
pinnochio
36%
poke
36%
thing
36%
bozos
35%
drops
35%
harvest
35%
hoes
35%
light
35%
oh
35%
out
35%
patiently
35%
scream
35%
theme
35%
Top
35%
waiting
35%
way
35%
wonderin
35%
been
33%
Lil
33%
look
33%
make
33%
pistol
33%
since
33%
talkin
33%
Wayne
33%
with
33%
cant
31%
every
31%
exactly
31%
he's
31%
mind
31%
side
31%
car
29%
cup
29%
game
29%
know
29%
middle
29%
Nevada
29%
put
29%
summer
29%
told
29%
wanna
29%
attention
27%
dark
27%
into
27%
jordans
27%
say
27%
slow
27%
true
27%
befo'
25%
flame
25%
foot
25%
mine
25%
rap
25%
riot
25%
same
25%
thoughts
25%
cover
24%
gas
24%
have
24%
once
24%
pillow
24%
price
24%
seem
24%
that's
24%
your
24%
chauffeur
22%
check
22%
hows
22%
let
22%
mention
22%
need
22%
Okay
22%
place
22%
shine
22%
sleepin'
22%
taste?
22%
taste
22%
these
22%
brake
20%
gotta
20%
hannibal
20%
hopped
20%
ignited
20%
king
20%
pads
20%
payback
20%
runneth
20%
shakes
20%
brains
18%
face
18%
few
18%
goes
18%
lecter
18%
loud
18%
now
18%
restin'
18%
slap
18%
Bashin
16%
case
16%
come
16%
dealin'
16%
establishin'
16%
feelings
16%
mouths
16%
passion
16%
rewind
16%
savin'
16%
Shh
16%
thinkin'
16%
you're
16%
buzz
15%
coster
15%
gonna
15%
inside
15%
our
15%
villains
15%
bass
13%
spillin
13%
stand
13%
booth
11%
flyin'
11%
him
11%
lead
11%
motherfucker
11%
truth
11%
until
11%
fillings
9%
tooth
9%
doubted
5%
huh
0%
No matching quizzes found
Score Distribution
Percent of People with Each Score
Percentile by Number Answered
Your Score History
You have not taken this quiz